000 00320nam a22001337a 4500
008 170529b xxu||||| |||| 00| 0 eng d
020 _a0966051084
041 _aeng
080 _214TH
_a615
100 _a05
101 _aSHM
245 _aTHE MEDICAL LETTER ON DRUGS AND THERAPEUTICS
_cABRAMOWICZ, M
942 _2udc
_cBK
999 _c14983
_d14983